000 00781nam a2200241Ia 4500
003 OSt
005 20220923220210.0
006 a|||||r|||| 00| 0
007 ta
008 220922b |||||||| |||| 00| 0 hin d
024 _a184,959
037 _cTextual
040 _aARTS
_cARTS
_bhin
041 _2hin
_ahin
082 _aO152,2:g(NT), M5
100 _aकेदारनाथ सिह
_9156358
245 0 _aहिन्दी के प्रतीक नाटक रंगमंच
246 _aHindī ke pratīk nāṭak rangahincha
260 _aबिहार
_b विद्याविहार
_c1985
300 _a312 पृ.
_ccm.
942 _hO152,2:g(NT), M5
_cTEXL
_2CC
999 _c338216
_d338216